Az évszázados barátság mérföldkövei

Elmentve itt :
Bibliográfiai részletek
Szerző: Dalos György
Dokumentumtípus: Cikk
Megjelent: 1966
Sorozat:Tiszatáj 20 No. 6
Kulcsszavak:Művelődéstörténet - magyar-orosz - könyvismertetés, Irodalmi kapcsolatok - magyar-orosz - könyvismertetés
Online Access:http://tiszataj.bibl.u-szeged.hu/4166
LEADER 00676nab a2200181 i 4500
001 tisza4166
005 20200330123815.0
008 170327s1966 hu o 0|| hun d
022 |a 0133-1167 
040 |a SZTE Tiszatáj Archívum  |b hun 
041 |a hun 
100 1 |a Dalos György 
245 1 3 |a Az évszázados barátság mérföldkövei  |h [elektronikus dokumentum] /  |c  Dalos György 
260 |c 1966 
300 |a 476-480 
490 0 |a Tiszatáj  |v 20 No. 6 
695 |a Művelődéstörténet - magyar-orosz - könyvismertetés, Irodalmi kapcsolatok - magyar-orosz - könyvismertetés 
856 4 0 |u http://tiszataj.bibl.u-szeged.hu/4166/1/tiszataj_1966_006_476-480.pdf  |z Dokumentum-elérés